Spielball von Kirche und Thron : historische Roman /

Hlavní autor: Mutafčieva, Vera Petrova, 1929-2009
Jazyk: Němčina
Vydáno: Berlin : Rütten und Loening, 1974
Vydání: 2. Aufl.
Fyzický popis: 539 s.
Knihy
Uloženo v:
LEADER 00797nam a22002412a 4500
001 001252648
003 CZ BrMZK
005 20120927084139.0
007 ta
008 120927s1974 gw er 000 0 ger d
040 |a BOA001  |b cze 
041 1 |a ger  |h bul 
100 1 |a Mutafčieva, Vera Petrova,  |d 1929-2009  |7 xx0003204  |4 aut 
245 1 0 |a Spielball von Kirche und Thron :  |b historische Roman /  |c Wera Mutaftschiewa ; Übersetzung von Hartmut Herboth 
250 |a 2. Aufl. 
260 |a Berlin :  |b Rütten und Loening,  |c 1974 
300 |a 539 s. 
500 |a Přeloženo z bulharštiny 
765 0 |t Sjužajat Džem  |9 Německy 
910 |a BOA001  |b 2-0729.529 
990 |a BK 
991 |b 201209 
996 7 |b 2619647533  |c 2-0729.529  |l Sklad H1  |r Sklad / do 24 hodin  |n 0  |h HS212  |w 001286631  |u 000010  |a 1  |e BOA001  |j MZK50  |s A